The book of haunted houses

Bibliographic Details
Other Authors: Bond, Ruskin
Format: Book
Published: Kuala Lumpur : Synergy Media
Series:Ghost story
Subjects:

MARC

LEADER 00000cam a2200000 7i4500
001 0000028075
005 20160330.0
008 091112
020 |a 9831978580 
090 0 0 |a BOO   |b ENG 
245 1 4 |a The book of haunted houses   |c edited by Ruskin Bond 
260 |a Kuala Lumpur :   |b Synergy Media 
440 |a Ghost story 
500 |a Teenager ages 13-18 years old (blue) 
650 0 |a Ghost stories, English 
700 1 |a Bond, Ruskin 
999 |a 0001059980   |b Book   |c Teenagers   |e Perbadanan Perpustakaan Awam Johor 
999 |a 0001059981   |b Book   |c Teenagers   |e Cawangan Urban Transformation Centre 
999 |a 0001059982   |b Book   |c Teenagers   |e Perbadanan Perpustakaan Awam Johor 
999 |a 0001059983   |b Book   |c Teenagers   |e Perbadanan Perpustakaan Awam Johor